<?xml version="1.0" encoding="UTF-8"?>
<record
    xmlns:xsi="http://www.w3.org/2001/XMLSchema-instance"
    xsi:schemaLocation="http://www.loc.gov/MARC21/slim http://www.loc.gov/standards/marcxml/schema/MARC21slim.xsd"
    xmlns="http://www.loc.gov/MARC21/slim">

  <leader>03059nam a2200553Ia 4500</leader>
  <controlfield tag="001">5960</controlfield>
  <controlfield tag="008">241029s9999    xx            000 0 und d</controlfield>
  <datafield tag="010" ind1=" " ind2=" ">
    <subfield code="a">5603</subfield>
  </datafield>
  <datafield tag="041" ind1=" " ind2=" ">
    <subfield code="a">Espa&#xF1;ol</subfield>
  </datafield>
  <datafield tag="082" ind1=" " ind2=" ">
    <subfield code="a">N/A</subfield>
  </datafield>
  <datafield tag="245" ind1=" " ind2="0">
    <subfield code="a">Involucramiento de los Padres, Madres y Tutores en el Proceso Ense&#xF1;anza- Aprendizaje,  Escuela Profesor Juan Emilio Bosch Gavi&#xF1;o, sector Juan Alberto Espinola II etapa, San Francisco de Macor&#xED;s, 2018-2019</subfield>
  </datafield>
  <datafield tag="260" ind1=" " ind2=" ">
    <subfield code="a">Duarte</subfield>
  </datafield>
  <datafield tag="300" ind1=" " ind2=" ">
    <subfield code="a">97</subfield>
  </datafield>
  <datafield tag="520" ind1=" " ind2=" ">
    <subfield code="a">73</subfield>
  </datafield>
  <datafield tag="630" ind1=" " ind2=" ">
    <subfield code="a">Aprendizaje</subfield>
  </datafield>
  <datafield tag="630" ind1=" " ind2=" ">
    <subfield code="a">Estrategia de Aprendizaje</subfield>
  </datafield>
  <datafield tag="630" ind1=" " ind2=" ">
    <subfield code="a">Incidencia</subfield>
  </datafield>
  <datafield tag="630" ind1=" " ind2=" ">
    <subfield code="a">Integraci&#xF3;n Familiar</subfield>
  </datafield>
  <datafield tag="650" ind1=" " ind2=" ">
    <subfield code="a">Asociaci&#xF3;n de padres</subfield>
  </datafield>
  <datafield tag="690" ind1=" " ind2=" ">
    <subfield code="a">Sintetizado</subfield>
  </datafield>
  <datafield tag="700" ind1=" " ind2=" ">
    <subfield code="e">asesor</subfield>
    <subfield code="a">Escol&#xE1;stico, Apolinar</subfield>
  </datafield>
  <datafield tag="700" ind1=" " ind2=" ">
    <subfield code="e">autor</subfield>
    <subfield code="a">Geraldino , Hilda Xiomara</subfield>
  </datafield>
  <datafield tag="901" ind1=" " ind2=" ">
    <subfield code="a">{"1":"Geraldino "}</subfield>
    <subfield code="b">{"1":"Hilda Xiomara"}</subfield>
  </datafield>
  <datafield tag="902" ind1=" " ind2=" ">
    <subfield code="a">1</subfield>
  </datafield>
  <datafield tag="903" ind1=" " ind2=" ">
    <subfield code="a">{"1":"Escol&#xE1;stico"}</subfield>
    <subfield code="b">{"1":"Apolinar"}</subfield>
  </datafield>
  <datafield tag="904" ind1=" " ind2=" ">
    <subfield code="a">Maestr&#xED;a en</subfield>
  </datafield>
  <datafield tag="905" ind1=" " ind2=" ">
    <subfield code="a">Docencia Universitaria</subfield>
  </datafield>
  <datafield tag="906" ind1=" " ind2=" ">
    <subfield code="a">2</subfield>
  </datafield>
  <datafield tag="907" ind1=" " ind2=" ">
    <subfield code="a">NO APLICA</subfield>
  </datafield>
  <datafield tag="908" ind1=" " ind2=" ">
    <subfield code="a">NO APLICA</subfield>
  </datafield>
  <datafield tag="909" ind1=" " ind2=" ">
    <subfield code="a">Universidad Cat&#xF3;lica Nordestana (UCNE)</subfield>
  </datafield>
  <datafield tag="910" ind1=" " ind2=" ">
    <subfield code="a">NULL</subfield>
    <subfield code="b">NULL</subfield>
  </datafield>
  <datafield tag="911" ind1=" " ind2=" ">
    <subfield code="a">["1"]</subfield>
  </datafield>
  <datafield tag="912" ind1=" " ind2=" ">
    <subfield code="a">NO APLICA</subfield>
  </datafield>
  <datafield tag="913" ind1=" " ind2=" ">
    <subfield code="a">NULL</subfield>
  </datafield>
  <datafield tag="914" ind1=" " ind2=" ">
    <subfield code="a">01 de Mayo de 2019</subfield>
  </datafield>
  <datafield tag="915" ind1=" " ind2=" ">
    <subfield code="a">22/10/19 10:10</subfield>
  </datafield>
  <datafield tag="916" ind1=" " ind2=" ">
    <subfield code="a">NULL</subfield>
  </datafield>
  <datafield tag="917" ind1=" " ind2=" ">
    <subfield code="a">NULL</subfield>
  </datafield>
  <datafield tag="918" ind1=" " ind2=" ">
    <subfield code="a">NO APLICA</subfield>
  </datafield>
  <datafield tag="919" ind1=" " ind2=" ">
    <subfield code="a">["18","93","209","123"]</subfield>
  </datafield>
  <datafield tag="520" ind1=" " ind2=" ">
    <subfield code="a">El objetivo de esta investigaci&#xF3;n es analizar el involucramiento de los padres, madres y tutores en el proceso de ense&#xF1;anza- aprendizaje en la escuela Profesor Juan Emilio Bosch Gavi&#xF1;o del sector Juan Alberto Espinola II etapa de San Francisco de Macor&#xED;s, durante el periodo 2018-2019.Para llevar a cabo este estudio se utiliz&#xF3; una metodolog&#xED;a descriptiva y prospectiva, se us&#xF3; una poblaci&#xF3;n de 9 docentes m&#xE1;s el equipo de gesti&#xF3;n, integrado por el director, la coordinadora docente&#xA0; y la orientadora para un total de 12. Se seleccion&#xF3; una muestra de 67 padres, madres y tutores y 91 de estudiantes. Se recogieron las informaciones a trav&#xE9;s de un cuestionario, en donde se plasman y describen las variables e indicadores que se buscan estudiar.Dentro de los resultados m&#xE1;s relevantes se encuentran, la relaci&#xF3;n que mantienen los padres con las maestras de sus hijos es de un 23% excelentes, 16% muy buena, 12% buena, y otro 12% regularEn lo que concierne a si, el centro implementa estrategias que permiten la integraci&#xF3;n de los padres en las actividades de los alumnos el 46% dijo siempre, y el 54 % casi siempre. Sobre si los padres ayudan en la casa con la realizaci&#xF3;n de las tareas escolares a los alumnos, el 52% respondi&#xF3; siempre, un 20% casi siempre, un 16% a veces y el 12% casi nunca. Con relaci&#xF3;n a la asistencia de los padres, madres y/o tutores con regularidad a las reuniones&#xA0; ordinarias y extraordinarias organizadas convocadas por el centro educativo, el 39% respondi&#xF3; casi siempre, un 46% a veces y el 15% casi nunca.</subfield>
  </datafield>
  <datafield tag="921" ind1=" " ind2=" ">
    <subfield code="a">72</subfield>
  </datafield>
  <datafield tag="922" ind1=" " ind2=" ">
    <subfield code="a">72</subfield>
  </datafield>
  <datafield tag="923" ind1=" " ind2=" ">
    <subfield code="a">1</subfield>
  </datafield>
  <datafield tag="924" ind1=" " ind2=" ">
    <subfield code="a">NO APLICA</subfield>
  </datafield>
  <datafield tag="942" ind1=" " ind2=" ">
    <subfield code="c">Tesis</subfield>
  </datafield>
  <datafield tag="999" ind1=" " ind2=" ">
    <subfield code="c">5603</subfield>
    <subfield code="d">5603</subfield>
  </datafield>
</record>
